00622nam a22001577a 4500020001800000040000900018082001500027100002700042245005000069260004800119650005800167942001200225999001900237952010400256952010400360 a9780471191018 cNust a512.1bFAN aJohn R. Fanchi9126467 aMath refresher for scientists and engineers  aNew York:bJohn Willey and sons Inc,c1997. aMath refresher for scientists and engineers 9126468 2ddccBK c612146d612146 00102ddc4070aCEMEbCEMEcGENd2024-10-24l0o512.1 FANpCEME- 34957r2024-10-24w2024-10-24yBK 00102ddc4070aCEMEbCEMEcGENd2024-10-24l0o512.1 FANpCEME- 34958r2024-10-24w2024-10-24yBK